000 00654nam a2200241Ia 4500
003 OSt
005 20221007075611.0
006 a|||||r|||| 00| 0
007 ta
008 221006b |||||||| |||| 00| 0 eng d
024 _a37,509
037 _cTextual
040 _aFLL
_cFLL
_beng
041 _2eng
_aeng
082 _aZ2,215, Q0
100 _aPaleri Prabhakaran
_9694017
245 0 _aMaritime security
_b the unlawful dimension
250 _a1st
260 _aNew Delhi
_bMasgnum Books Pvt Ltd India
_c2010
300 _axii,465p
_ccm.
942 _hZ2,215, Q0
_cTEXL
_2CC
999 _c1156692
_d1156692